00963 2200193 4500245013000000020002200130250001100152100002100163700001600184650002300200650001200223005001900235260002900254041001400283084001200297300002500309500042600334336000900760 aDi Balik Pesona dan Sisi Kelam Majapahit b : Sebuah Catatan Sejarah yang Tercecer dan DisembunyikancKrisna Bayu AdjihText a978-602-300-243-6 aCet. 1 aKrisna Bayu Adji aFita Nur A. aKerajaan Majapahit aSejarah a20230926093110 aYogyakartabAraskac2016 aIndonesia a959.801 a256 hlm. :c20.5 cm. aSungguh menarik untuk menguak sejarah Majapahit semenjak pemerintahan Hayam Wuruk hingga Girindrawardhana yang ternyata menyimpan borok-borok di balik masa kejayaannya itu. Karenanya melalui buku ini, yang disajikan dengan bahasa runtut, renyah, dan memikat ini, pembaca akan mendapatkan pengetahuan lengkap tentang Majapahit. Sebuah kerajaan yang diagungkan dalam sejarah, namun tak luput dari segudang cela dan nodanya. atext